00542nam a2200193Ia 4500008004100000041001200041082001200053100005300065245004400118260003100162300000800193365000800201520001300209546001200222630004400234650001300278655001300291730004400304101110s9999 xx 000 0 und d aENGLISH bSR27638 aSharma S.G., Mathur N.A., Bardia S.C. and others aGlobalisation and managerial challenges c2005bPointer Pub., Jaipur a229 b600 aCommerce aENGLISH aGlobalisation and managerial challenges aCommerce aCommerce aGlobalisation and managerial challenges